[Event "ROM-ch sf"]
[Site "Baile Tusnad"]
[Date "2000.??.??"]
[Round "4"]
[White "Filip, Lucian Ioan"]
[Black "Ambrus, Endre"]
[Result "1/2-1/2"]
[WhiteElo "2197"]
[BlackElo "2280"]
[PlyCount "62"]
[EventDate "2000.05.??"]
[EventType "swiss"]
[EventRounds "11"]
[EventCountry "ROU"]
[SourceTitle "EXT 2001"]
[Source "ChessBase"]
[SourceDate "2000.11.22"]
[SourceVersion "1"]
[SourceVersionDate "2000.11.22"]
[SourceQuality "1"]

1. d4 Nf6 2. c4 e6 3. Nc3 b6 4. e4 Bb7 5. Bd3 d5 6. cxd5 exd5 7. e5 Ne4 8. Nge2 Be7 9. Qc2 Nxc3 10. bxc3 c5 11. 0-0 g6 12. Qd1 c4 13. Bb1 Nc6 14. f4 Qd7 15. f5 0-0-0 16. a4 Kb8 17. f6 Bf8 18. Ba3 Bxa3 19. Rxa3 Rde8 20. Ra2 a6 21. Bc2 Ka7 22. Nf4 Nd8 23. Qb1 Ne6 24. Nxe6 Qxe6 25. Bd1 Rb8 26. Qb4 Qc6 27. Bf3 Rhe8 28. Qa3 Bc8 29. Qc1 h5 30. Rff2 Be6 31. Bd1 Rh8 1/2-1/2

[Event "Centrocoop June op-A"]
[Site "Eforie Nord"]
[Date "1999.06.??"]
[Round "?"]
[White "Ambrus, Endre"]
[Black "Itkis, Boris"]
[Result "1/2-1/2"]
[WhiteElo "2294"]
[BlackElo "2462"]
[PlyCount "143"]
[EventDate "1999.06.??"]
[EventType "swiss"]
[EventRounds "11"]
[EventCountry "ROU"]
[SourceTitle "EXT 2004"]
[Source "ChessBase"]
[SourceDate "2003.11.25"]
[SourceVersion "1"]
[SourceVersionDate "2003.11.25"]
[SourceQuality "1"]

1. e4 c5 2. Nf3 Nc6 3. Bb5 Qc7 4. c3 Nf6 5. Qe2 e5 6. 0-0 Be7 7. d4 cxd4 8. cxd4 Nxd4 9. Nxd4 exd4 10. b3 0-0 11. Bb2 d5 12. e5 Ne4 13. Bxd4 f6 14. Nd2 fxe5 15. Rac1 Qb8 16. Bb2 Bg5 17. Nxe4 Bxc1 18. Rxc1 dxe4 19. Qxe4 Qd6 20. Bxe5 Qd2 21. Bc4+ Kh8 22. Rf1 Qh6 23. f4 Qg6 24. Qd5 Bf5 25. Qxb7 Qb6+ 26. Qxb6 axb6 27. a4 Rfe8 28. Bc7 Be6 29. Rc1 Bxc4 30. Rxc4 Rac8 31. Bxb6 Rxc4 32. bxc4 Re4 33. c5 Rxa4 34. Bc7 Rc4 35. Bd6 Rc2 36. h3 Kg8 37. Kh2 h5 38. Kg3 Kf7 39. Kh4 Rxg2 40. Kxh5 Ke6 41. Be5 Kf5 42. Bd6 Rd2 43. Kh4 Rd3 44. Bb8 g6 45. c6 Rc3 46. c7 Rc5 47. Kg3 Rc4 48. Kg2 Rc3 49. Kf2 Ke6 50. Kg2 Kd7 51. Kh2 Kc8 52. Kg2 Rb3 53. h4 Ra3 54. Kf2 Rh3 55. Kg2 Rxh4 56. Kg3 Rh5 57. Kf3 Kd7 58. Ke4 Ra5 59. Kd4 Rb5 60. Ke4 Rf5 61. Ke3 Rf8 62. Ke4 Re8+ 63. Kd5 Re1 64. Kd4 Rc1 65. Ke5 Rc6 66. Kd5 Rd6+ 67. Ke5 Re6+ 68. Kd5 Re8 69. Kd4 Kc6 70. Kc4 Rf8 71. Kd3 Kd5 72. Kc3 1/2-1/2

[Event "Centrocoop June op-A"]
[Site "Eforie Nord"]
[Date "1999.06.??"]
[Round "?"]
[White "Badea, Bela"]
[Black "Ambrus, Endre"]
[Result "1-0"]
[WhiteElo "2479"]
[BlackElo "2294"]
[PlyCount "41"]
[EventDate "1999.06.??"]
[EventType "swiss"]
[EventRounds "11"]
[EventCountry "ROU"]
[SourceTitle "EXT 2004"]
[Source "ChessBase"]
[SourceDate "2003.11.25"]
[SourceVersion "1"]
[SourceVersionDate "2003.11.25"]
[SourceQuality "1"]

1. Nf3 f5 2. g3 Nf6 3. Bg2 e6 4. 0-0 d5 5. c4 Bd6 6. Nc3 c6 7. d3 0-0 8. e4 Nbd7 9. cxd5 cxd5 10. Qe2 Bb8 11. exd5 Nxd5 12. Qxe6+ Kh8 13. Qxd5 Ne5 14. Qxd8 Nxf3+ 15. Bxf3 Rxd8 16. Bg5 Rxd3 17. Rfe1 h6 18. Re8+ Kh7 19. Rxc8 Rxf3 20. Be3 g5 21. Kg2 1-0